Statistics for Countries in World War I (WWI)

Click here to take the quiz!

General Stats

  • This quiz has been taken 71,668 times
    (66,723 since last reset)
  • The average score is 15 of 21

Answer Stats

Deaths Country % Correct
2,037,000Germany
99%
2,254,369Russia
98%
1,397,800France
98%
960,036United Kingdom
98%
116,708United States
97%
651,000Italy
93%
1,494,200Austria-Hungary
92%
64,997Canada
81%
4,661Japan
80%
58,637Belgium
79%
62,081Australia
75%
26,000Greece
71%
450,000Serbia
62%
335,706Romania
62%
18,053New Zealand
60%
87,500Bulgaria
59%
771,844Ottoman Empire
58%
7,222Portugal
55%
9,592South Africa
39%
13,325Montenegro
22%
1,570Newfoundland
7%

Score Distribution

Percentile by Number Answered

Percent of People with Each Score

Your Score History

You have not taken this quiz since the last reset